Mejora e incremento de la información sobre activos intangibles (Registro nro. 9165)
[ vista simple ]
| 000 -LEADER | |
|---|---|
| fixed length control field | 00411 a2200133 4500 |
| 001 - CONTROL NUMBER | |
| control field | ART_7706 |
| 005 - DATE AND TIME OF LATEST TRANSACTION | |
| control field | 20260410161555.0 |
| 008 - FIXED-LENGTH DATA ELEMENTS--GENERAL INFORMATION | |
| fixed length control field | 260409a |
| 100 1# - MAIN ENTRY--PERSONAL NAME | |
| Personal name | Díaz, Teresa |
| 245 10 - TITLE STATEMENT | |
| Title | Mejora e incremento de la información sobre activos intangibles |
| 700 1# - ADDED ENTRY--PERSONAL NAME | |
| Personal name | Bertolino, Gisela |
| 700 1# - ADDED ENTRY--PERSONAL NAME | |
| Personal name | Suardi, Diana |
| 773 0# - HOST ITEM ENTRY | |
| Title | Profesional & Empresaria |
| Related parts | - Año IX, Nº 108 (sep. 2008) |
| Record control number | REV70 |
No hay ítems disponibles.